| 000 | 00483 a2200157 4500 | ||
|---|---|---|---|
| 001 | 93174 | ||
| 020 | _a978-0-12-801460-8 | ||
| 082 | _a006.312/KOT | ||
| 090 |
_c44743 _d44744 |
||
| 100 | _aVijay Kotu ; Deshpande, Balachandre; Deshpande, Bala, | ||
| 245 |
_aPredictive Analytics and Data Mining : Concepts and Practice with Rapid Miner _hEnglish |
||
| 260 |
_aU.S.A _bElsevier _c2015 |
||
| 300 | _axix,424p. | ||
| 500 | _aMS textbook | ||
| 650 | _aRapid Miner; Data Mining | ||
| 942 |
_aCAE NUST _cMS _k006.312/KOT |
||
| 999 |
_c328247 _d328247 |
||